Statystyki dla 25 najludniejszych miast w Polsce

Kliknij tutaj aby rozwiązać quiz!

Ogólne statystyki

  • Ten quiz został rozwiązany 78 razy
    (51 od ostatniego zresetowania)
  • Średni wynik to 21 z 25

Statystyki odpowiedzi

NrLiczba ludnościOdpowiedź% Poprawnych
2.779,966Kraków
100%
1.1,794,166Warszawa
98%
6.470,621Gdańsk
96%
11.291,774Katowice
96%
3.672,185Łódź
96%
5.532,048Poznań
96%
4.641,928Wrocław
96%
9.336,339Lublin
93%
7.395,513Szczecin
93%
10.295,683Białystok
91%
12.245,867Gdynia
91%
15.196,821Rzeszów
91%
18.194,218Kielce
87%
8.339,053Bydgoszcz
85%
14.210,532Radom
85%
16.201,106Toruń
85%
20.171,853Olsztyn
83%
24.141,280Zielona Góra
83%
13.219,278Częstochowa
80%
17.198,996Sosnowiec
80%
19.178,186Gliwice
76%
21.171,691Zabrze
72%
22.170,303Bielsko-Biała
48%
23.164,447Bytom
46%
25.137,782Rybnik
39%

Rozkład punktacji

Percentyl według liczby udzielonych odpowiedzi

Procent ludzi z każdym wynikiem

Twoja historia wyników

Nie rozwiązałeś tego quizu od ostatniego zresetowania